Представление документа в формате RUSMARC

ПолеНазваниеЗначение
  Тип записи a
  Библиографический уровень a
001 Контрольный номер RU/УОНБ/EK_Kray/599070882
005 Дата корректировки 20250128163200.3
100 Данные общей обработки __
a Данные общей обработки 20250128d2018 ||| 0rusy0189 ca
101 Язык документа 0_
a Язык текста rus
102 Страна публикации __
a Страна публикации RU
105 Кодированные данные (монография) __
a Кодированные данные (монография) y###||||000|y
200 Заглавие и сведения об ответственности 1_
a Заглавие Что хранит память...
e Сведения, относящиеся к заглавию творческий вечер и презентация книги Ольги Дарановой "Флейта осени"
215 Физическое описание __
c Иллюстрации/тип воспроизводства 1 фот.
330 Аннотация __
a Аннотация Мероприятие состоялось 28 апреля 2018 г. во Дворце книги.
461 Уровень набора _0
1 2001
a Симбирскъ
463 Уровень физической единицы _0
1 2000
a № 5(59)(май)
v С. 33-34
1 2101
d 2018
1 001RU/REG73/CBS_GRAD/ae3cc69e2f9f414db603d376ee9eaeed
600 Персоналии _1
a Персоналии (Фамилия) Даранова, Ольга Николаевна
601 Наименование организации как предмет 02
a Наименование организации как предмет Дворец книги - Ульяновская областная научная библиотека имени В.И. Ленина
610 Ключевые слова 0_
a Ключевые слова писатели Ульяновска
610 Ключевые слова 0_
a Ключевые слова презентации книг
610 Ключевые слова 0_
a Ключевые слова творческие вечера
686 Индексы других классификаций __
a Классификационный индекс 78.340.671.2
2 Код системы rubbk
801 Источник записи _0
a Страна RU
b Организация RuCBSGrad
c Дата составления 20250128
g Правила каталогизации RCR
801 Источник записи _1
a Страна RU
b Организация RuCBSGrad
c Дата составления 20250128
g Правила каталогизации RCR
852 Данные о местонахождении __
a Наименование организации МБУК "ЦБС г. Димитровграда"
901 Тип документа __
t Тип документа c
w Контрольный № источника RU/REG73/CBS_GRAD/ae3cc69e2f9f414db603d376ee9eaeed
909 Создатель записи __
a Создатель записи Тенигина
b Дата создания записи 20250128